000 00307nam a2200109Ia 4500
001 1270416
005 20260417151349.0
008 260417s9999 xx 000 0 und d
020 _a9786258124224
245 0 _aGençler! Dünyaya Teslim Olmayın, Teslim Alın!
_cMustafa Balcı
260 _bBeyan Yayınları
999 _c1270416
_d1270416